LEADER 02205oam 2200517M 450 001 9910715627103321 005 20191121064230.9 035 $a(CKB)5470000002513796 035 $a(OCoLC)1065578038 035 $a(OCoLC)995470000002513796 035 $a(EXLCZ)995470000002513796 100 $a20070221d1842 ua 0 101 0 $aeng 135 $aurcn||||||||| 181 $ctxt$2rdacontent 182 $cc$2rdamedia 183 $acr$2rdacarrier 200 10$aResolution calling for information as to any communication which may have been made to the government of the Quintuple Treaty for the suppression of the slave trade. December 15, 1842. Submitted. December 20, 1842. Postponed to and made the order of the day for Thursday next, the 22d instant, and ordered to be printed 210 1$a[Washington, D.C.] :$c[publisher not identified],$d1842. 215 $a1 online resource (1 page) 225 1 $aSenate document / 27th Congress, 3rd session. Senate ;$vno. 9 225 1 $a[United States congressional serial set ] ;$v[serial no. 414] 300 $aBatch processed record: Metadata reviewed, not verified. Some fields updated by batch processes. 300 $aFDLP item number not assigned. 606 $aGovernment publications$zUnited States 606 $aDiplomacy 606 $aInternational relations 606 $aSlave trade 606 $aTreaties 608 $aLegislative materials.$2lcgft 615 0$aGovernment publications 615 0$aDiplomacy. 615 0$aInternational relations. 615 0$aSlave trade. 615 0$aTreaties. 701 $aBenton$b Thomas Hart$f1782-1858$pDemocrat (MO)$01387125 801 0$bWYU 801 1$bWYU 801 2$bOCLCO 801 2$bOCLCQ 801 2$bOCLCO 801 2$bOCLCQ 906 $aBOOK 912 $a9910715627103321 996 $aResolution calling for information as to any communication which may have been made to the government of the Quintuple Treaty for the suppression of the slave trade. December 15, 1842. Submitted. December 20, 1842. Postponed to and made the order of the day for Thursday next, the 22d instant, and ordered to be printed$93536185 997 $aUNINA LEADER 02453oas 2200853 a 450 001 9910393354603321 005 20250922213015.0 011 $a2056-8819 035 $a(DE-599)ZDB2572430-7 035 $a(DE-599)2572430-7 035 $a(OCoLC)570249837 035 $a(CONSER) 2020207439 035 $a(CKB)110978977730885 035 $a(EXLCZ)99110978977730885 100 $a20100325a19679999 uy a 101 0 $aeng 135 $aurbn||||||abp 135 $aurbn||||||ada 181 $ctxt$2rdacontent 182 $cc$2rdamedia 183 $acr$2rdacarrier 200 00$aAntichthon $eJournal of the Australian Society for Classical Studies 210 $aSydney $cSydney University Press$d1967- 215 $aOnline resource 300 $aRefereed/Peer-reviewed 311 08$a0066-4774 330 $a"A journal of ancient world studies ... main emphasis on Greece and Rome [but includes] the Ancient Near East and the Mediterranean from the beginnings of civilization to the Early Middle Ages." 517 1 $aAntichthon 606 $aClassical philology$vPeriodicals 606 $aClassical literature$vPeriodicals 606 $aClassical antiquities$vPeriodicals 606 $aClassical antiquities$2fast$3(OCoLC)fst00863445 606 $aClassical literature$2fast$3(OCoLC)fst00863509 606 $aClassical philology$2fast$3(OCoLC)fst00863532 606 $aCultuurgeschiedenis$2gtt 606 $aLetterkunde$2gtt 606 $aOudheid$2gtt 608 $aPeriodicals.$2fast 615 0$aClassical philology 615 0$aClassical literature 615 0$aClassical antiquities 615 7$aClassical antiquities. 615 7$aClassical literature. 615 7$aClassical philology. 615 17$aCultuurgeschiedenis. 615 17$aLetterkunde. 615 17$aOudheid. 676 $a480/.05 712 02$aAustralian Society for Classical Studies 801 0$bOCLCE 801 1$bOCLCE 801 2$bOCLCQ 801 2$bOCLCF 801 2$bOCLCO 801 2$bOCLCS 801 2$bTXA 801 2$bOCLCQ 801 2$bAUD 801 2$bZ5A 801 2$bVT2 801 2$bREB 801 2$bU3W 801 2$bNTG 801 2$bWYU 801 2$bFIE 801 2$bOCLCQ 801 2$bDLC 801 2$bOCLCQ 801 2$bUAB 801 2$bOCLCL 906 $aJOURNAL 912 $a9910393354603321 996 $aAntichthon$9558166 997 $aUNINA